MARC details
| 000 -LEADER |
| fixed length control field |
02479cam a22003734a 4500 |
| 001 - CONTROL NUMBER |
| control field |
6901 |
| 003 - CONTROL NUMBER IDENTIFIER |
| control field |
BD-DhEWU |
| 005 - DATE AND TIME OF LATEST TRANSACTION |
| control field |
20190115094116.0 |
| 008 - FIXED-LENGTH DATA ELEMENTS--GENERAL INFORMATION |
| fixed length control field |
100429s2010 enk g b 001 0 eng d |
| 020 ## - INTERNATIONAL STANDARD BOOK NUMBER |
| International Standard Book Number |
9780826436849 (hbk.) |
|
| International Standard Book Number |
0826436846 (hbk.) |
|
| International Standard Book Number |
9780826426116 (pbk.) |
|
| International Standard Book Number |
0826426115 (pbk.) |
| 035 ## - SYSTEM CONTROL NUMBER |
| System control number |
(OCoLC)432982998 |
| 040 ## - CATALOGING SOURCE |
| Original cataloging agency |
UKM |
| Transcribing agency |
UKM |
| Modifying agency |
BTCTA |
| -- |
DLC |
| -- |
BD-DhEWU |
| Language of cataloging |
eng |
| 041 ## - LANGUAGE CODE |
| Language code of text/sound track or separate title |
eng |
| 050 00 - LIBRARY OF CONGRESS CALL NUMBER |
| Classification number |
PR2937 |
| Item number |
.S43 2010 |
| 082 04 - DEWEY DECIMAL CLASSIFICATION NUMBER |
| Classification number |
822.33 |
| Item number |
SHA 2010 |
| 245 00 - TITLE STATEMENT |
| Title |
Shakespeare and his authors : |
| Remainder of title |
critical perspectives on the authorship question / |
| Statement of responsibility, etc |
edited by William Leahy. |
| 260 ## - PUBLICATION, DISTRIBUTION, ETC. (IMPRINT) |
| Place of publication, distribution, etc |
London ; |
| -- |
New York : |
| Name of publisher, distributor, etc |
Continuum, |
| Date of publication, distribution, etc |
c2010. |
| 300 ## - PHYSICAL DESCRIPTION |
| Extent |
ix, 179 p. ; |
| Dimensions |
24 cm. |
| 504 ## - BIBLIOGRAPHY, ETC. NOTE |
| Bibliography, etc |
Includes bibliographical references (p. [158]-168) and index. |
| 505 ## - FORMATTED CONTENTS NOTE |
| Title |
TOC |
| Formatted contents note |
On not knowing Shakespeare (and on Shakespeare not knowing): romanticism, the authorship question and English literature / Andrew Bennett --<br/>Malfolio: foul papers on the Shakespeare authorship question / Willy Maley --<br/>The authorship question: an historian's perspective / William D. Rubinstein --<br/>The distraction of 'Freud': literature, psychoanalysis and the Bacon-Shakespeare controversy / Nicholas Royle --<br/>No biography: Shakespeare, author / Sean Gaston --<br/>Shakespearean selves / Graham Holderness --<br/>Shakinomics; or, the Shakespeare authorship question and the undermining of traditional authority / William Leahy --<br/>Fighting over Shakespeare's authorship: identity, power and academic debate / Sandra G. L. Schruijer --<br/>Mark Rylance (former artistic director, Globe Theatre, London) ; Dominic Dromgoole (Artistic director, Globe Theatre, London) / interviewed by William Leahy. |
| 520 ## - SUMMARY, ETC. |
| Summary, etc |
Summary: <br/>"This collection brings together leading literary and cultural critics to explore the Authorship Question as a social, cultural and even theological phenomenon and consider it in all its rich diversity and significance." "William Leahy is Head of the School of Arts at Brunel University, UK."--BOOK JACKET. |
| 526 ## - STUDY PROGRAM INFORMATION NOTE |
| Program name |
English |
| 590 ## - LOCAL NOTE (RLIN) |
| Local note |
Tahur Ahmed |
| 700 1# - ADDED ENTRY--PERSONAL NAME |
| Personal name |
Leahy, William, |
| Dates associated with a name |
1959- |
| 9 (RLIN) |
428 |
| 856 42 - ELECTRONIC LOCATION AND ACCESS |
| Materials specified |
WorldCat details |
| Uniform Resource Identifier |
http://www.worldcat.org/title/shakespeare-and-his-authors-critical-perspectives-on-the-authorship-question/oclc/432982998&referer=brief_results |
|
| Materials specified |
E-book Fulltext |
| Uniform Resource Identifier |
http://lib.ewubd.edu/ebook/6901 |
| 942 ## - ADDED ENTRY ELEMENTS (KOHA) |
| Source of classification or shelving scheme |
Dewey Decimal Classification |
| Koha item type |
Text |